Expropriação indireta nos acordos de investimentos / (Record no. 135)

MARC details
000 -LÍDER
Campo Fixo de Controle 00911cam a2200265 a 4500
001 - NÚMERO DE CONTROLE
Campo de Controle 135
003 - IDENTIFICAÇÃO DO NÚMERO DE CONTROLE
Campo de Controle BR-CuiBMT
005 - DATA E HORA DA ÚLTIMA ATUALIZAÇÃO
Campo de Controle 20231115005606.0
008 - DADOS FIXOS
Dados Fixos 230818s2023 mgba 000 0 por d
020 ## - INTERNATIONAL STANDARD BOOK NUMBER
Nº do ISBN 9786555184341
040 ## - AGÊNCIA CATALOGADORA
Código da Agência Catalogadora BR-CuiBMT
Agência que transcreveu o registro BR-CuiBMT
080 ## - Nº DA CLASSIFICAÇÃO DECIMAL UNIVERSAL
Nº edição CDU 2007
Nº Class. CDU 341.1/.8
090 ## - NÚMERO DE CHAMADA
Nº classificação 341.1/.8
Cutter G118e
100 1# - ENTRADA PRINCIPAL -- AUTOR PESSOAL
Nome pessoal Gabriel, Vivian Daniela Rocha
245 10 - TÍTULO PRINCIPAL
Título principal Expropriação indireta nos acordos de investimentos /
Indicação de responsabilidade Vivian Daniele Rocha Gabriel ; prefácio Marilda Rosado de Sá Ribeiro.
260 ## - PUBLICAÇÃO, DISTRIBUIÇÃO, ETC.
Local de publicação Belo Horizonte :
Editora Fórum,
Data 2023.
300 ## - DESCRIÇÃO FÍSICA
N. páginas ou volumes 294 p. :
Ilustrações il. ;
Dimensões 22 cm
504 ## - NOTA DE BIBLIOGRAFIA, ETC.
Nota de bibliografia Inclui bibliografia.
650 ## - ASSUNTO TÓPICO
Cabeçalho tópico ou nome geográfico Direito internacional público
650 ## - ASSUNTO TÓPICO
Cabeçalho tópico ou nome geográfico Direito administrativo
Subdivisão geral Negociações
650 ## - ASSUNTO TÓPICO
Cabeçalho tópico ou nome geográfico Direito internacional privado
Subdivisão geral Acordos de investimento
650 ## - ASSUNTO TÓPICO
Cabeçalho tópico ou nome geográfico Negociações internacionais
Subdivisão geral Diplomacia
650 ## - ASSUNTO TÓPICO
Cabeçalho tópico ou nome geográfico Relações internacionais
942 ## - ELEMENTOS DE ENTRADA ADICIONAIS (KOHA)
Fonte de classificação ou esquema de arquivamento Classificação Decimal Universal
Tipo de item do Koha Livros
Holdings
Estado: removido Estado: perdido Fonte de classificação ou esquema de arquivamento Estado: danificado Indisponível para empréstimo Localização permanente Localização atual Data de aquisição Total Checkouts Número de Chamada completo Código de barras Date last seen Número do exemplar Preço efetivo a partir de Tipo de item (Koha)
    Classificação Decimal Universal     Biblioteca da Escola Superior de Contas do TCE/MT Biblioteca da Escola Superior de Contas do TCE/MT 28/06/2023   341.1/.8 G118e BIBTCEMT23080112 18/08/2023 Ex. 1 18/08/2023 Livros

Powered by Koha